Aston Villa Squad 25/26 - Statistics

General Stats
  • This quiz has been taken 84 times
    79 since last reset
  • The average score is 17 of 23
Answer Stats
# Nation Former Club Answer % Correct
23 Argentina Arsenal Emiliano Martinez
93%
8 Belgium Leicester City Youri Tielemans
92%
11 England Brentford Ollie Watkins
90%
2 Poland Nottingham Matty Cash
85%
7 Scotland Hibernian John McGinn
83%
14 Spain Villarreal Pau Torres
83%
24 Belgium Everton Amadou Onana
80%
17 Netherlands Dortmund Donyell Malen
78%
27 England Middlesbrough Morgan Rogers
78%
19 England Man United Jadon Sancho
76%
10 Argentina Norwich City Emiliano Buendia
75%
3 Sweden Man United Victor Lindelof
75%
4 England Brentford Ezri Konsa
71%
22 Netherlands Chelsea Ian Maatsen
69%
12 France Everton Lucas Digne
68%
44 France Marseille Boubacar Kamara
64%
9 England Liverpool Harvey Elliott
64%
5 England Bournemouth Tyrone Mings
64%
6 England Luton Town Ross Barkley
59%
29 Ivory Coast Nice Evann Guessand
56%
40 Netherlands Stade Brest Marco Bizot
51%
16 Spain Levante Andres Garcia
49%
26 Netherlands Youth Lamare Bogarde
49%
No matching quizzes found
Score Distribution
Percent of People with Each Score
Percentile by Number Answered
Your Score History
You have not taken this quiz since the last reset